| 000 | 01171nam a2200289 a 4500 | ||
|---|---|---|---|
| 001 | BRCA_7387 | ||
| 005 | 20190320205822.0 | ||
| 008 | 210313s1949----mx-a###f##---#000-0#spa-# | ||
| 041 | _aspa | ||
| 044 | _amx | ||
| 050 | 4 |
_aF1219 _b.R8 1 1949 |
|
| 100 | 1 |
_aRubín de la Borbolla, Daniel F. _918236 |
|
| 245 | 1 | 0 |
_aLas castas y las costumbres de México a través de su pintura _bel arte plumario _cDaniel F. Rubín de la Borbolla, Silvio Zavala y Rafael García Granados. |
| 260 |
_aMéxico _bUniversidad de Nuevo León ; INAH _c1949 |
||
| 300 |
_a30 p. _bil., 20 láminas _c22 cm. |
||
| 500 | _aEjemplar igual a R65 | ||
| 500 | _aQ95 | ||
| 520 | 3 | _aCatálogo de la Exposición que representa el departamento de Acción Social de la Universidad de Nuevo León y el Instituto Nacional de Antropología e Historia durante los cursos de verano de 1949 | |
| 650 | 1 | 4 |
_aArte plumario _918212 |
| 650 | 1 | 4 |
_aCastas _zMéxico _99193 |
| 651 | 4 |
_aMéxico _xVida social y costumbres _9769 |
|
| 700 | 1 |
_aZavala, Silvio _ecoaut. _918237 |
|
| 700 | 1 |
_aGarcía Granados, Rafael _ecoaut. _910174 |
|
| 740 | 0 | _aPinturas costumbristas del siglo XIX | |
| 902 | _aGFM | ||
| 942 |
_2lcc _cB |
||
| 999 |
_c7063 _d7063 |
||